Percy Jackson General Knowledge #3 - Statistics

General Stats
  • This quiz has been taken 133 times
  • The average score is 9 of 16
Answer Stats
Hint Answer % Correct
Percy's Mean Stepfather Gabe Ugliano
96%
Goddess Who Had to Hold Up the Sky Artemis
89%
One Eyed Son of Nemesis Ethan Nakamura
88%
Snakes on Hermes' Caduceus Martha
81%
Harpy That Remembers Everything Ella
79%
Turns Leo and Piper Into Gold in Omaha King Midas
79%
Snakes on Hermes' Caduceus George
78%
Pile of Rocks at Camp That Enter the Labyrinth Zeus' Fist
63%
Sorceress Who Has an Underground Mall Selling Coach Hedge Medea
46%
Immortal Healer Who Gives Jason Glasses and the Formula of the Physician's Cure Asclepius
45%
Leo's Wonder Table Buford
43%
Typhon's Prison Mount Saint Helens
38%
Instrument Leo Makes to Give to Apollo Valdezinator
34%
Guard Dragon of the Golden Apples Ladon
22%
Robot That Killed Bianca Talos
18%
What Nereids Enjoy Doing Underwater at Camp Half-Blood Underwater Basket Weaving
11%
No matching quizzes found
Score Distribution
Percent of People with Each Score
Percentile by Number Answered
Your Score History
You have not taken this quiz